Personal project pursuit: goals, action and human flourishing (Record no. 5638)

MARC details
000 -LEADER
fixed length control field 00666nam a2200229Ia 4500
020 ## - INTERNATIONAL STANDARD BOOK NUMBER
ISBN 0-8058-5485-1
082 ## - DEWEY DECIMAL CLASSIFICATION NUMBER
Classification number 158.1 PER-
245 #0 - TITLE STATEMENT
Title Personal project pursuit: goals, action and human flourishing
260 ## - PUBLICATION, DISTRIBUTION, ETC. (IMPRINT)
Place of publication New Jersey
Name of publisher Lawrence Erlbaum Associates
Year of publication 2006
300 ## - PHYSICAL DESCRIPTION
Number of Pages xxii, 462
504 ## - BIBLIOGRAPHY, ETC. NOTE
Bibliography, etc Includes index
650 ## - SUBJECT ADDED ENTRY--TOPICAL TERM
Topical Term Interpesonal relations
650 ## - SUBJECT ADDED ENTRY--TOPICAL TERM
Topical Term Cultural sociology
650 ## - SUBJECT ADDED ENTRY--TOPICAL TERM
Topical Term Goal setting in personal management
650 ## - SUBJECT ADDED ENTRY--TOPICAL TERM
Topical Term Goal (Psychology)
650 ## - SUBJECT ADDED ENTRY--TOPICAL TERM
Topical Term Human behaviour
650 ## - SUBJECT ADDED ENTRY--TOPICAL TERM
Topical Term Personality and culture
700 ## - ADDED ENTRY--PERSONAL NAME
Personal name Phillips, Susan D.
700 ## - ADDED ENTRY--PERSONAL NAME
Personal name Salmela-Aro, Katariina
700 ## - ADDED ENTRY--PERSONAL NAME
Personal name Little, Brian R.
942 ## - ADDED ENTRY ELEMENTS (KOHA)
Koha item type Books
Holdings
Withdrawn status Lost status Damaged status Not for loan Home library Current library Date acquired Bill Date Full call number Accession Number Price effective from Koha item type
        NASSDOC Library NASSDOC Library 31/12/1899 2006-08-10 158.1 PER- 43665 18/04/2019 Books